ਪਾਸ਼ - ਮੈਂ ਹੁਣ ਵਿਧਾ ਹੁੰਦਾ ਹਾਂ : (Record no. 110413)
[ view plain ]
| 000 -LEADER | |
|---|---|
| fixed length control field | 01040nam a22002417a 4500 |
| 005 - DATE AND TIME OF LATEST TRANSACTION | |
| control field | 20170123164152.0 |
| 010 ## - LIBRARY OF CONGRESS CONTROL NUMBER | |
| LC control number | B-210471 |
| 020 ## - INTERNATIONAL STANDARD BOOK NUMBER | |
| Terms of availability | 150.00 |
| 035 ## - SYSTEM CONTROL NUMBER | |
| System control number | B-210471 |
| 037 ## - SOURCE OF ACQUISITION | |
| Stock number | Cen Lib / Ret |
| 040 ## - CATALOGING SOURCE | |
| Original cataloging agency | DPL |
| Language of cataloging | PN |
| 082 ## - DEWEY DECIMAL CLASSIFICATION NUMBER | |
| Classification number | 851 |
| Item number | ਰਾਜਿੰਦ |
| 245 ## - TITLE STATEMENT | |
| Title | ਪਾਸ਼ - ਮੈਂ ਹੁਣ ਵਿਧਾ ਹੁੰਦਾ ਹਾਂ : |
| Statement of responsibility, etc | ਸੰਪਾਦਕ ਰਾਜਿੰਦਰ ਪਾਲ ਸਿੰਘ |
| Remainder of title | ਚੇਣਵੀਂ ਕਵਿਤਾ / |
| 246 ## - VARYING FORM OF TITLE | |
| Title proper/short title | Paash - main hun vidha hunda haan : collection of poetry / |
| Remainder of title | edited by Rajinder Pal Singh |
| 260 ## - PUBLICATION, DISTRIBUTION, ETC. (IMPRINT) | |
| Place of publication, distribution, etc | ਚੰਡੀਗੜ੍ਹ |
| Name of publisher, distributor, etc | ਲੋਕ ਗੀਤ ਪ੍ਰਕਾਸ਼ਨ |
| Date of publication, distribution, etc | 2005 |
| 270 ## - ADDRESS | |
| Address | SCO 26-27, Sector 34A |
| City | Chandigarh |
| Postal code | 160022 |
| 300 ## - PHYSICAL DESCRIPTION | |
| Extent | 184p. |
| Dimensions | 22cm(Hb) |
| 650 ## - SUBJECT ADDED ENTRY--TOPICAL TERM | |
| Topical term or geographic name as entry element | ਪੰਜਾਬੀ ਸਾਹਿਤ |
| 9 (RLIN) | 126994 |
| 650 ## - SUBJECT ADDED ENTRY--TOPICAL TERM | |
| Topical term or geographic name as entry element | ਪੰਜਾਬੀ ਕਵਿਤਾ |
| 9 (RLIN) | 126995 |
| 650 ## - SUBJECT ADDED ENTRY--TOPICAL TERM | |
| Topical term or geographic name as entry element | Punjabi - Poetry |
| 9 (RLIN) | 126996 |
| 700 ## - ADDED ENTRY--PERSONAL NAME | |
| Personal name | ਰਾਜਿੰਦਰ ਪਾਲ ਸਿੰਘ |
| 9 (RLIN) | 44266 |
| 942 ## - ADDED ENTRY ELEMENTS (KOHA) | |
| Source of classification or shelving scheme | Dewey Decimal Classification |
| Koha item type | Punjabi Bks |
| Classification part | 851 |
| Call number suffix | ਰਾਜਿੰਦ |
| Withdrawn status | Lost status | Damaged status | Not for loan | Home library | Current library | Date acquired | Source of acquisition | Cost, normal purchase price | Total Checkouts | Full call number | Barcode | Date last seen | Copy number | Cost, replacement price | Price effective from | Koha item type |
|---|---|---|---|---|---|---|---|---|---|---|---|---|---|---|---|---|
| Central Library | Central Library | 21/01/2016 | Cen Lib/Ret | 150.00 | 851 ਰਾਜਿੰਦ | B-210471 | 21/01/2016 | 1 | 150.00 | 21/01/2016 | Punjabi Bks |
